| 000 | 01760nam0a2200361 4500 | ||
|---|---|---|---|
| 001 | RU\NLR\BIBL_A\022444458 | ||
| 005 | 20260407091638.0 | ||
| 035 | _a(NLR Aleph) 022444458 | ||
| 090 |
_a13354660 _c13354660 |
||
| 100 | _a20250204d1814 |||y0rusy50 ca | ||
| 101 | 0 | _afre | |
| 102 | _aRU | ||
| 140 | _ay y |||||||| ya 000 | ||
| 200 | 1 |
_aRéponses a plusieurs passages de la brochure de Mr. de Chateaubriand, intitulée: De Buonaparte et des Bourbons. _fPar A.F. |
|
| 210 |
_aSt.-Pétersbourg [St.- Peterburg] _cde l'imprimerie de Pluchart et comp. _d1814 |
||
| 215 |
_a[4], 80 с. _d8° (23 см) |
||
| 500 | 1 | 0 |
_6z01702 _aDe Buonaparte et des Bourbons |
| 540 | 1 | _aВозражения на некоторые места из брошюры Шатобриана «О Бонапарте и Бурбонах» | |
| 607 |
_aФранция _jИсточники и источниковедение _xИстория _z1799 - 1815 _91365155 _3RU\NLR\AUTH\66571497 |
||
| 620 | _dSt.- Peterburg | ||
| 686 | 3 | _aТ3(4Фр)512,014 | |
| 701 | 0 |
_aA.F. _cпсевдоним _4070 |
|
| 702 | 1 |
_4570 _7ba _8fre _aChateaubriand _bF. R. de _f1768-1848 _gFrançois René de _9250135 _3RU\NLR\AUTH\770250191 |
|
| 702 | 1 |
_4610 _7ba _8rus _aPljušar _bA. I. _f1777-1827 _gAleksandr Ivanovič _9226189 _3RU\NLR\AUTH\770226245 |
|
| 712 | 0 | 2 |
_4610 _8fre _aPluchart et co., imprimerie _cSt.-Pétersbourg _7ba _3RU\NLR\AUTH\8810049335 _9598756 |
| 852 |
_aNLR _j10.16.4.226 |
||
| 942 | _cBOOK | ||
| 980 | _ain1719v | ||
| 980 | _aNB | ||